Faculty of Law Library — Cairo University

Official Online Catalog

Case Concerning Right Of Nationals Of The United States Of America In Morocco : (Record no. 73546)

MARC details
000 -LEADER
fixed length control field 01050nam a2200289 i 4500
003 - CONTROL NUMBER IDENTIFIER
control field EG-GICUC
005 - DATE AND TIME OF LATEST TRANSACTION
control field 20260427084053.0
008 - FIXED-LENGTH DATA ELEMENTS--GENERAL INFORMATION
fixed length control field 260427s1952 ne |fr|||| 000 0 eng d
040 ## - CATALOGING SOURCE
Original cataloging agency EG-GiCUC
Language of cataloging eng
Transcribing agency EG-GiCUC
Modifying agency EG-GiCUC
Description conventions rda
041 #0 - LANGUAGE CODE
Language code of text/sound track or separate title eng
082 04 - DEWEY DECIMAL CLASSIFICATION NUMBER
Edition number 21
Classification number 341.511
Item number CA
092 04 - LOCALLY ASSIGNED DEWEY CALL NUMBER (OCLC)
Edition number 21
099 ## - LOCAL FREE-TEXT CALL NUMBER (OCLC)
Classification number Law1 11 341.511 CA 1952
245 00 - TITLE STATEMENT
Title Case Concerning Right Of Nationals Of The United States Of America In Morocco :
Remainder of title (France F. United States Of America).
246 11 - VARYING FORM OF TITLE
Title proper/short title Affaire Relative Aux Droits Des Ressortissants Des États-unis D'amérique AU Maroc:
Remainder of title (France C. États-unis D'amérique).
264 #1 - PRODUCTION, PUBLICATION, DISTRIBUTION, MANUFACTURE, AND COPYRIGHT NOTICE
Place of production, publication, distribution, manufacture Netherlands :
Name of producer, publisher, distributor, manufacturer Cour Internationale De Justice,
Date of production, publication, distribution, manufacture, or copyright notice 1952.
300 ## - PHYSICAL DESCRIPTION
Extent 233 pages,
Dimensions 24 cm.
336 ## - CONTENT TYPE
Source rda content
Content type term text
337 ## - MEDIA TYPE
Source rda media
Media type term Computer
338 ## - CARRIER TYPE
Source rda carrier
Carrier type term Online Resource
500 ## - GENERAL NOTE
General note 27 Août 1952<br/>Arrêt
546 ## - LANGUAGE NOTE
Language note Text in English
650 14 - SUBJECT ADDED ENTRY--TOPICAL TERM
Topical term or geographic name entry element Public international law
856 40 - ELECTRONIC LOCATION AND ACCESS
Uniform Resource Identifier <a href="https://fll.law.cu.edu.eg/fulltext/bks/B11-07982.pdf">https://fll.law.cu.edu.eg/fulltext/bks/B11-07982.pdf</a>
905 ## - Cataloger and Reviser Names
Cataloger Name: Basma Mohamed
942 ## - ADDED ENTRY ELEMENTS (KOHA)
Source of classification or shelving scheme Dewey Decimal Classification
Koha item type Books
Edition 21
Suppress in OPAC No
Holdings
Withdrawn status Lost status Source of classification or shelving scheme Damaged status Not for loan Collection Home library Current library Date acquired Total checkouts Full call number Barcode Date last seen Copy number Price effective from Koha item type
    Dewey Decimal Classification   Not for loan القانون الدولي العام جــــامعة القــاهرة مكتبة كلية الحقوق - المبنى الرئيسي 27.04.2026   Law1 11 341.511 CA 1952 1107982 C1 B11-07982 27.04.2026 1 27.04.2026 Books

© All rights reserved — Faculty of Law, Cairo University